Outlines of Indian Legal and Constitutional History (Record no. 6405)

MARC details
000 -LEADER
fixed length control field 00444nam a22001817a 4500
005 - DATE AND TIME OF LATEST TRANSACTION
control field 20200521150137.0
008 - FIXED-LENGTH DATA ELEMENTS--GENERAL INFORMATION
fixed length control field 200521b xxu||||| |||| 00| 0 eng d
020 ## - INTERNATIONAL STANDARD BOOK NUMBER
ISBN 9788175345581
041 ## - LANGUAGE CODE
Language code of text/sound track or separate title eng
082 ## - DEWEY DECIMAL CLASSIFICATION NUMBER
Classification number 340.0954 SIN
100 ## - MAIN ENTRY--AUTHOR NAME
Personal name Singh,M.P
245 ## - TITLE STATEMENT
Title Outlines of Indian Legal and Constitutional History
250 ## - EDITION STATEMENT
Edition statement 8'th ed.
260 ## - PUBLICATION, DISTRIBUTION, ETC. (IMPRINT)
Place of publication New Delhi
Name of publisher Lexisnexis
300 ## - PHYSICAL DESCRIPTION
Number of Pages 220p.
650 ## - SUBJECT ADDED ENTRY--TOPICAL TERM
Topical Term LAW
942 ## - ADDED ENTRY ELEMENTS (KOHA)
Koha item type Books
Holdings
Lost status Damaged status Collection code Home library Current library Shelving location Date acquired Source of acquisition Cost, normal purchase price Full call number Accession Number Koha item type
    Reference JRU Library JRU Library SHELF-1-A 02/06/2020 PURCHASE 325.00 340.0954 SIN 24289 Books
    LAW JRU Library JRU Library SHELF-30-A 02/06/2020 PURCHASE 325.00 340.0954 SIN 24290 Books
    LAW JRU Library JRU Library SHELF-30-A 02/06/2020 PURCHASE 325.00 340.0954 SIN 24291 Books
    LAW JRU Library JRU Library SHELF-30-A 02/06/2020 PURCHASE 325.00 340.0954 SIN 24292 Books
    LAW JRU Library JRU Library SHELF-30-A 02/06/2020 PURCHASE 325.00 340.0954 SIN 24293 Books
    LAW JRU Library JRU Library SHELF-30-A 02/06/2020 PURCHASE 325.00 340.0954 SIN 24294 Books
    LAW JRU Library JRU Library SHELF-30-A 02/06/2020 PURCHASE 325.00 340.0954 SIN 24295 Books
    LAW JRU Library JRU Library SHELF-30-A 02/06/2020 PURCHASE 325.00 340.0954 SIN 24296 Books
    LAW JRU Library JRU Library SHELF-30-A 02/06/2020 PURCHASE 325.00 340.0954 SIN 24297 Books
    LAW JRU Library JRU Library SHELF-30-A 02/06/2020 PURCHASE 325.00 340.0954 SIN 24298 Books